| 000 | 01013nam a2200313 i 4500 | ||
|---|---|---|---|
| 003 | EG-GICUC | ||
| 005 | 20260507191141.0 | ||
| 008 | 260507s1950 be ||||fr|||| 00| 0 fre d | ||
| 040 |
_aEG-GiCUC _bfre _cEG-GiCUC _dEG-GiCUC _eRda |
||
| 041 | _afre | ||
| 082 | 0 | 4 |
_221 _a345.0493 _bVA.P |
| 092 | 0 | 4 | _221 |
| 099 | _aLaw1 07 345.0493 VA.P 3ed 1950 | ||
| 100 | 1 |
_a Vauthier , Maurice _eAuteur |
|
| 245 |
_aPrécis Du Droit Administratif De La Belgique . _nTOME II / _cMaurice Vauthier . |
||
| 250 | _aTROISIÈME ÉDITION . | ||
| 264 |
_aBRUXELLES : _bMAISON FERDINAND LARCIER , _c1950 . |
||
| 300 |
_a760 page ; _c 24 cm. |
||
| 336 |
_2rda contenu _a texte |
||
| 337 |
_2rda medias _aOrdinateur |
||
| 338 |
_2 transporteur rda _a Ressource en ligne |
||
| 500 | _aIncludes Index Pages : 751-760. | ||
| 546 | _aTexte en français | ||
| 650 | 1 |
_aDroit administratif _zBelgique |
|
| 651 | 1 | _2qrmak | |
| 856 | 4 | 0 | _uhttps://fll.law.cu.edu.eg/fulltext/bks/B07-05759.pdf |
| 905 | _a60 | ||
| 942 |
_2ddc _cBK _e21 _n0 |
||
| 999 |
_c76214 _d76214 |
||